| 000 | 00770nam a2200253 i 4500 | ||
|---|---|---|---|
| 001 | 42566 | ||
| 003 | ES-MaACL | ||
| 005 | 20250826063131.0 | ||
| 007 | t| | ||
| 008 | 030407s2002 sp ||||1| spa d | ||
| 020 | _a84-8432-350-1 | ||
| 080 | _a398(091) | ||
| 245 | 0 | 3 |
_aLa invención de la tradición / _cEric Hobsbawm y Terence Ranger (eds.). |
| 260 |
_aBarcelona : _bCrítica, _c[2002] |
||
| 300 |
_a318 p. ; _c23 cm. |
||
| 490 | 1 |
_aLibros de historia (Crítica) _9242037 |
|
| 650 | 1 | 4 |
_aFolklore- _xHistoria. _912916 |
| 700 | 1 |
_aHobsbawm, E. J. ( _d1917-2012) _963862 |
|
| 700 | 1 |
_aRanger, Terence. _995421 |
|
| 830 | 0 |
_aLibros de historia (Crítica) _9242037 |
|
| 852 |
_aES-MaACL _jL-26140 _bR.131750 |
||
| 942 | _2udc | ||
| 999 |
_c42566 _d42566 |
||